000 00261nam a22000977a 4500
999 _c11708
_d11708
008 200110b ||||| |||| 00| 0 eng d
020 _a7807300399
100 _aClifford
_97403
245 _aHelp I'm a Prisoner in the Library
260 _aNew York
_bScholastic
_c1979